00552nam a2200145 a 450000100100000000500170001000800410002704000250006808200140009324500980010726000520020530000200025795201120027799900170038900004122520201002034722.0130926s1998 xxu 000 0 spa d aDO-SdBNPbspacBNPHU axxxxbxxx00aModelo de aprendizaje facultativo. :bproceso hacia una insuperable mejora en el desempeño. aMiami, Estados Unidos :bFranklin Covey,c1998. a36 p. ;c22 cm. 001050718MOaGRbGRcCTd2013-09-26iLF1l0oxxxx xxxp41225-10r2020-06-25w2020-06-25y1ZNo se presta c40715d40715